| LEADER | 02906nam a2200337 4500 | ||
|---|---|---|---|
| 082 | |a 410 |b NG527TH | ||
| 100 | |a Nguyễn Thiện Giáp | ||
| 245 | |a Dẫn luận ngôn ngữ học |c Nguyễn Thiện Giáp | ||
| 250 | |a In lần thứ 3 | ||
| 260 | |a H. |b Giáo dục |c 1996 | ||
| 300 | |a 324tr |c 20cm. | ||
| 520 | |a v...v | ||
| 653 | |a Ngôn ngữ | ||
| 653 | |a Dẫn luận | ||
| 942 | |2 ddc |c STK0 | ||
| 999 | |c 10496 |d 10496 | ||
| 952 | |0 0 |1 0 |2 ddc |4 0 |6 410_000000000000000_NG527TH |7 0 |8 400 |9 82569 |a qbu |b qbu |c D2 |d 2015-07-28 |g 13500 |o 410 NG527TH |p 10334.c1 |r 0000-00-00 |w 2015-07-28 |y STK0 | ||
| 952 | |0 0 |1 0 |2 ddc |4 0 |6 410_000000000000000_NG527TH |7 0 |8 400 |9 82570 |a qbu |b qbu |c D2 |d 2015-07-28 |g 13500 |o 410 NG527TH |p 10334.c2 |r 0000-00-00 |w 2015-07-28 |y STK0 | ||
| 952 | |0 0 |1 0 |2 ddc |4 0 |6 410_000000000000000_NG527TH |7 0 |8 400 |9 82571 |a qbu |b qbu |c D2 |d 2015-07-28 |g 13500 |o 410 NG527TH |p 10334.c3 |r 0000-00-00 |w 2015-07-28 |y STK0 | ||
| 952 | |0 0 |1 0 |2 ddc |4 0 |6 410_000000000000000_NG527TH |7 0 |8 400 |9 82572 |a qbu |b qbu |c D2 |d 2015-07-28 |g 13500 |l 3 |o 410 NG527TH |p 10334.c4 |r 2016-11-14 |s 2016-10-31 |w 2015-07-28 |y STK0 | ||
| 952 | |0 0 |1 0 |2 ddc |4 0 |6 410_000000000000000_NG527TH |7 0 |8 400 |9 82573 |a qbu |b qbu |c D2 |d 2015-07-28 |g 13500 |l 1 |m 1 |o 410 NG527TH |p 10334.c5 |r 2016-06-06 |s 2016-04-22 |w 2015-07-28 |y STK0 | ||
| 952 | |0 0 |1 0 |2 ddc |4 0 |6 410_000000000000000_NG527TH |7 0 |8 400 |9 82574 |a qbu |b qbu |c D2 |d 2015-07-28 |g 13500 |l 5 |m 3 |o 410 NG527TH |p 10334.c6 |r 2016-11-10 |s 2016-10-21 |w 2015-07-28 |y STK0 | ||
| 952 | |0 0 |1 0 |2 ddc |4 0 |6 410_000000000000000_NG527TH |7 0 |8 400 |9 82575 |a qbu |b qbu |c D2 |d 2015-07-28 |g 13500 |l 14 |m 3 |o 410 NG527TH |p 10334.c7 |r 2019-06-11 |s 2019-06-04 |w 2015-07-28 |y STK0 | ||
| 952 | |0 0 |1 0 |2 ddc |4 0 |6 410_000000000000000_NG527TH |7 0 |8 400 |9 82576 |a qbu |b qbu |c D2 |d 2015-07-28 |g 13500 |l 3 |o 410 NG527TH |p 10334.c8 |r 2019-03-13 |s 2019-03-04 |w 2015-07-28 |y STK0 | ||
| 952 | |0 0 |1 0 |2 ddc |4 0 |6 410_000000000000000_NG527TH |7 0 |8 400 |9 82577 |a qbu |b qbu |c D2 |d 2015-07-28 |g 13500 |o 410 NG527TH |p 10334.c9 |r 0000-00-00 |w 2015-07-28 |y STK0 | ||
| 952 | |0 0 |1 0 |2 ddc |4 0 |6 410_000000000000000_NG527TH |7 0 |8 400 |9 82578 |a qbu |b qbu |c D2 |d 2015-07-28 |g 13500 |l 1 |o 410 NG527TH |p 10334.c10 |r 2019-03-27 |s 2019-03-13 |w 2015-07-28 |y STK0 | ||
| 952 | |0 0 |1 0 |2 ddc |4 0 |6 410_000000000000000_NG527TH |7 0 |8 400 |9 82579 |a qbu |b qbu |c D2 |d 2015-07-28 |g 13500 |o 410 NG527TH |p 10334.c11 |r 0000-00-00 |w 2015-07-28 |y STK0 | ||
| 952 | |0 0 |1 0 |2 ddc |4 0 |6 410_000000000000000_NG527TH |7 0 |8 400 |9 82580 |a qbu |b qbu |c D2 |d 2015-07-28 |g 13500 |l 3 |o 410 NG527TH |p 10334.c12 |r 2019-04-10 |s 2019-03-27 |w 2015-07-28 |y STK0 | ||
| 952 | |0 0 |1 0 |2 ddc |4 0 |6 410_000000000000000_NG527TH |7 0 |8 400 |9 82581 |a qbu |b qbu |c D2 |d 2015-07-28 |g 13500 |o 410 NG527TH |p 10334.c13 |r 0000-00-00 |w 2015-07-28 |y STK0 | ||
| 952 | |0 0 |1 0 |2 ddc |4 0 |6 410_000000000000000_NG527TH |7 0 |8 400 |9 82582 |a qbu |b qbu |c D2 |d 2015-07-28 |g 13500 |o 410 NG527TH |p 10334.c14 |r 0000-00-00 |w 2015-07-28 |y STK0 | ||
| 952 | |0 0 |1 0 |2 ddc |4 0 |6 410_000000000000000_NG527TH |7 0 |8 400 |9 82583 |a qbu |b qbu |c D2 |d 2015-07-28 |g 13500 |o 410 NG527TH |p 10334.c15 |r 0000-00-00 |w 2015-07-28 |y STK0 | ||